Применение вольтамперометрических и потенциометрических методов при анализе вод на содержание органических веществ; КарлсТом 2010 - современные проблемы очистки воды. Наночастицы в водных объектах. V Российско-германский семинар

Մատենագիտական մանրամասներ
Parent link:КарлсТом 2010 - современные проблемы очистки воды. Наночастицы в водных объектах. V Российско-германский семинар.— 2010.— С. 55-56
Հիմնական հեղինակ: Мартынюк О. А. Оксана Анатольевна
Այլ հեղինակներ: Слепченко Г. Б. Галина Борисовна
Լեզու:ռուսերեն
Հրապարակվել է: 2010
Խորագրեր:
Ձևաչափ: Գրքի գլուխ
KOHA link:https://koha.lib.tpu.ru/cgi-bin/koha/opac-detail.pl?biblionumber=194062

MARC

LEADER 00000naa2a2200000 4500
001 194062
005 20240213123245.0
035 |a (RuTPU)RU\TPU\book\211617 
090 |a 194062 
100 |a 20110403d2010 k y0rusy50 ca 
101 0 |a rus 
102 |a RU 
200 1 |a Применение вольтамперометрических и потенциометрических методов при анализе вод на содержание органических веществ  |f О. А. Мартынюк, Г. Б. Слепченко 
463 0 |0 (RuTPU)RU\TPU\book\205105  |t КарлсТом 2010 - современные проблемы очистки воды. Наночастицы в водных объектах. V Российско-германский семинар  |o материалы Международного научно-практического семинара, 20-22 сентября 2010 г., Томск  |f Национальный исследовательский Томский политехнический университет (ТПУ) ; Российская академия естественных наук (РАЕН)  |v С. 55-56  |d 2010  |p 88 с. 
610 1 |a вольтамперометрия 
610 1 |a природные воды 
610 1 |a вода 
610 1 |a анализ 
610 1 |a потенциометрия 
610 1 |a органические вещества 
610 1 |a методы анализа 
610 1 |a труды учёных ТПУ 
700 1 |a Мартынюк  |b О. А.  |c химик  |c научный сотрудник Томского политехнического университета, кандидат химических наук  |f 1982-  |g Оксана Анатольевна  |3 (RuTPU)RU\TPU\pers\27253  |9 12699 
701 1 |a Слепченко  |b Г. Б.  |c химик  |c профессор Томского политехнического университета, доктор химических наук  |f 1956-  |g Галина Борисовна  |3 (RuTPU)RU\TPU\pers\25643  |9 11554 
801 1 |a RU  |b 63413507  |c 20110403 
801 2 |a RU  |b 63413507  |c 20170522  |g RCR 
942 |c BK